<?xml version="1.0" encoding="UTF-8"?>
<marc:record xmlns:marc="http://www.loc.gov/MARC21/slim">
   <marc:leader>00000nam a2200000 a 4500</marc:leader>
   <marc:datafield ind1="1" ind2=" " tag="100">
      <marc:subfield code="a">Hefner, Ulrich</marc:subfield>
      <marc:subfield code="4">ctb</marc:subfield>
      <marc:subfield code="e">Mitwirkende/-r</marc:subfield>
   </marc:datafield>
   <marc:datafield ind1="1" ind2=" " tag="100">
      <marc:subfield code="a">Holdorf, Jürgen</marc:subfield>
      <marc:subfield code="4">ctb</marc:subfield>
      <marc:subfield code="e">Mitwirkende/-r</marc:subfield>
   </marc:datafield>
   <marc:datafield ind1=" " ind2=" " tag="653">
      <marc:subfield code="a">Kassette / Belletristik/Krimis</marc:subfield>
   </marc:datafield>
   <marc:datafield ind1=" " ind2=" " tag="653">
      <marc:subfield code="a">Thriller</marc:subfield>
   </marc:datafield>
   <marc:datafield ind1=" " ind2=" " tag="653">
      <marc:subfield code="a">Spionage</marc:subfield>
   </marc:datafield>
   <marc:datafield ind1=" " ind2=" " tag="653">
      <marc:subfield code="a">CD</marc:subfield>
   </marc:datafield>
   <marc:datafield ind1=" " ind2=" " tag="653">
      <marc:subfield code="a">Krimis</marc:subfield>
   </marc:datafield>
   <marc:datafield ind1="0" ind2="0" tag="245">
      <marc:subfield code="a">Die Bruderschaft Christi</marc:subfield>
   </marc:datafield>
   <marc:datafield ind1="0" ind2="0" tag="245">
      <marc:subfield code="b">Thriller</marc:subfield>
   </marc:datafield>
   <marc:datafield ind1="0" ind2="0" tag="245">
      <marc:subfield code="c">Ulrich Hefner. Ungekürzte Lesung von Jürgen Holdorf</marc:subfield>
   </marc:datafield>
   <marc:datafield ind1=" " ind2="1" tag="264">
      <marc:subfield code="a">Daun/Vulkaneifel</marc:subfield>
      <marc:subfield code="b">TechniSat Digital, Radioropa Hörbuch</marc:subfield>
      <marc:subfield code="c">2010</marc:subfield>
   </marc:datafield>
   <marc:datafield ind1="1" ind2=" " tag="490">
      <marc:subfield code="a">Krimi-Bibliothek</marc:subfield>
   </marc:datafield>
   <marc:datafield ind1="1" ind2=" " tag="520">
      <marc:subfield code="a">Angaben aus der Verlagsmeldung

Die Bruderschaft Christi (Audio) / von Ulrich Hefner

Ein neues Hörbuch-Abenteuer von Ulrich Hefner - Autor des Erfolgsthrillers »Die Dritte Ebene«.
Grauenhafte Morde in oberbayrischen Gotteshäusern! Die Kriminalbeamten Stefan Bukowski und seine ehrgeizige Kollegin Lisa Herrmann stehen vor einem Rätsel. Doch der Alptraum nimmt erst seinen Anfang. Ein sensationeller Fund nahe Jerusalem: Prof. Raful stößt bei Ausgrabungen auf einen 2000 Jahre alten Sarkophag, der die Gebeine eines Kreuzritters enthält und eine Tonscheibe mit mysteriösen Schriftzeichen. Der Archäologe ahnt, dass durch diese Entdeckung sein Leben in größter Gefahr ist und der Frieden in der ganzen Welt auf dem Spiel steht. Und nicht nur der mächtige Vatikan hat bereits seine Späher ausgeschickt, die zu allem bereit sind …
</marc:subfield>
   </marc:datafield>
   <marc:datafield ind1=" " ind2=" " tag="020">
      <marc:subfield code="a">9783836804783</marc:subfield>
      <marc:subfield code="9">9783836804783</marc:subfield>
   </marc:datafield>
   <marc:datafield ind1=" " ind2=" " tag="041">
      <marc:subfield code="a">ger</marc:subfield>
   </marc:datafield>
   <marc:datafield ind1=" " ind2=" " tag="300">
      <marc:subfield code="a">14 CDs</marc:subfield>
   </marc:datafield>
</marc:record>
